Contemporary nursing: issues, trends, & management. / (Record no. 9250)
[ view plain ]
| 000 -LEADER | |
|---|---|
| fixed length control field | 02459nam a22003375i 4500 |
| 001 - CONTROL NUMBER | |
| control field | 20659053 |
| 003 - CONTROL NUMBER IDENTIFIER | |
| control field | OSt |
| 005 - DATE AND TIME OF LATEST TRANSACTION | |
| control field | 20221004150721.0 |
| 008 - FIXED-LENGTH DATA ELEMENTS--GENERAL INFORMATION | |
| fixed length control field | 180905s2018 mou 000 0 eng |
| 010 ## - LIBRARY OF CONGRESS CONTROL NUMBER | |
| LC control number | 2012037205 |
| 020 ## - INTERNATIONAL STANDARD BOOK NUMBER | |
| International Standard Book Number | 9780323101097 |
| 040 ## - CATALOGING SOURCE | |
| Original cataloging agency | DLC |
| Language of cataloging | eng |
| Description conventions | rda |
| Transcribing agency | LC |
| 042 ## - AUTHENTICATION CODE | |
| Authentication code | pcc |
| 050 ## - LIBRARY OF CONGRESS CALL NUMBER | |
| Classification number | RT41.C56 |
| 245 10 - TITLE STATEMENT | |
| Title | Contemporary nursing: issues, trends, & management. / |
| Statement of responsibility, etc. | [edited by] Barbara Cherry, Susan R. Jacob. |
| 250 ## - EDITION STATEMENT | |
| Edition statement | 6th ed. |
| 264 #1 - PRODUCTION, PUBLICATION, DISTRIBUTION, MANUFACTURE, AND COPYRIGHT NOTICE | |
| Place of production, publication, distribution, manufacture | St. Louis, Missouri: |
| Name of producer, publisher, distributor, manufacturer | Elsevier/Mosby, |
| Date of production, publication, distribution, manufacture, or copyright notice | 2014. |
| 300 ## - PHYSICAL DESCRIPTION | |
| Extent | xvi, 527 p. : |
| 336 ## - CONTENT TYPE | |
| Content type term | text |
| Content type code | txt |
| Source | rdacontent |
| 337 ## - MEDIA TYPE | |
| Media type term | unmediated |
| Media type code | n |
| Source | rdamedia |
| 338 ## - CARRIER TYPE | |
| Carrier type term | volume |
| Carrier type code | nc |
| Source | rdacarrier |
| 504 ## - BIBLIOGRAPHY, ETC. NOTE | |
| Bibliography, etc. note | Includes bibliographical references and index. |
| 505 ## - FORMATTED CONTENTS NOTE | |
| Formatted contents note | Contents: The development of nursing: The evolution of professional nursing -- The contemporary image of professional nursing -- The influence of contemporary trends and issues on nursing education -- Nursing licensure and certification -- Theories of nursing practice -- Nursing research and evidence-based practice -- Current issues in health care: Paying for health care in America: rising costs and challenges -- Legal issues in nursing and health care -- Ethical and bioethical issues in nursing and health care -- Cultural competency and social issues in nursing and health care -- Complementary and alternative healing -- Workforce advocacy and the nursing shortage -- Collective bargaining and unions in today's workplace -- Information technology in the clinical setting -- Emergency preparedness and response for today's world -- Leadership and management in nursing: Nursing leadership and management -- Budgeting and basics for nurses -- Effective communication and conflict resolution -- Effective delegation and supervision -- Staffing and nursing care delivery models -- Quality improvement and patient safety -- Quality and safety in nursing education: the QSEN project -- Health policy and politics: get involved -- Career management: Making the transition from student to professional nurse -- Managing time: the path to high self-performance -- Contemporary nursing roles and career opportunities -- Job search: finding your match -- The NCLEX-RN examination -- |
| 650 ## - SUBJECT ADDED ENTRY--TOPICAL TERM | |
| Source of heading or term | Nursing |
| 650 ## - SUBJECT ADDED ENTRY--TOPICAL TERM | |
| Source of heading or term | Nursing Care |
| 700 ## - ADDED ENTRY--PERSONAL NAME | |
| Personal name | Cherry, Barbara |
| 9 (RLIN) | 510 |
| 700 ## - ADDED ENTRY--PERSONAL NAME | |
| Personal name | Jacob, Susan R. |
| 9 (RLIN) | 511 |
| 906 ## - LOCAL DATA ELEMENT F, LDF (RLIN) | |
| a | 0 |
| b | ibc |
| c | orignew |
| d | 2 |
| e | epcn |
| f | 20 |
| g | y-gencatlg |
| 942 ## - ADDED ENTRY ELEMENTS (KOHA) | |
| Source of classification or shelving scheme | Library of Congress Classification |
| Koha item type | Books |
| Withdrawn status | Lost status | Source of classification or shelving scheme | Damaged status | Not for loan | Home library | Current library | Shelving location | Date acquired | Total Checkouts | Full call number | Barcode | Date last seen | Price effective from | Koha item type |
|---|---|---|---|---|---|---|---|---|---|---|---|---|---|---|
| Library of Congress Classification | WISCONSIN INTERNATIONAL UNIVERSITY COLLEGE, GHANA KUMASI LIBRARY | WISCONSIN INTERNATIONAL UNIVERSITY COLLEGE, GHANA KUMASI LIBRARY | nursing | 28/11/2019 | RT41.C56(6e) | KSN/838/838/19 | 04/10/2022 | 04/10/2022 | Books |
